[Event "Oebro CXU Nytaar 2025"]
[Site "Copenhagen"]
[Date "2025.12.28"]
[Round "3.4"]
[White "Nilssen, Ellen Fredericia"]
[Black "Skovgaard, Andreas"]
[Result "1/2-1/2"]
[WhiteElo "2142"]
[BlackElo "2098"]
[WhiteFideId "1441230"]
[BlackFideId "1450760"]
[EventDate "2025.12.27"]
[EventType "swiss"]
[EventRounds "7"]
[EventCountry "DEN"]
[SourceTitle "Live v. Obro Skakforening"]

1. d4 Nf6 2. c4 g6 3. h4 c5 4. d5 e6 5. Nc3 exd5 6. cxd5 d6 7. e4 Bg7 8. Be2 O-O 9. h5 b5 10. h6 Bh8 11. Bxb5 Nxe4 12. Nxe4 Qa5+ 13. Nc3 Bxc3+ 14. bxc3 Qxb5 15. Rh4 Nd7 16. c4 Re8+ 17. Kf1 Qa6 18. Qf3 Qa5 19. Bb2 Ba6 20. Nh3 Qd2 21. Bc3 Qc2 22. Ng5 Re7 23. Ne4 Bxc4+ 24. Kg1 f5 25. Nxd6 Bd3 26. Re1 Rxe1+ 27. Bxe1 Nf6 28. Qf4 Qe2 29. Bc3 Nxd5 30. Qg5 Qe6 31. Qd2 Ba6 32. Ra4 Be2 33. Nb7 Rc8 34. Nxc5 Rxc5 35. Qd4 Rc7 36. Rxa7 Rxa7 37. Qxa7 Ne7 38. Qd4 Kf8 39. Qh8+ Qg8 40. Qf6+ Ke8 41. Bb4 Qf7 42. Qe5 Bc4 43. Qb8+ Kd7 44. Qd6+ Ke8 45. Qb8+ Kd7 46. Qd6+ Ke8 1/2-1/2

[Event "Oebro CXU Nytaar 2025"]
[Site "Copenhagen"]
[Date "2025.12.28"]
[Round "3.5"]
[White "Gregor, Bjarke"]
[Black "Hector, Jonny"]
[Result "1/2-1/2"]
[WhiteElo "2056"]
[BlackElo "2418"]
[WhiteFideId "1423401"]
[BlackFideId "1700090"]
[EventDate "2025.12.27"]
[EventType "swiss"]
[EventRounds "7"]
[EventCountry "DEN"]
[SourceTitle "Live v. Obro Skakforening"]

1. e4 e5 2. Nf3 Nc6 3. Bc4 Nf6 4. d4 exd4 5. e5 Ng4 6. O-O Be7 7. Re1 d6 8. exd6 cxd6 9. Bg5 Nge5 10. Bxe7 Qxe7 11. Be2 Nxf3+ 12. Bxf3 Be6 13. Bxc6+ bxc6 14. Qxd4 O-O 15. Nc3 Rfb8 16. b3 a5 17. Rad1 d5 18. Na4 Rb4 19. Qc3 Qd6 20. Nc5 Bf5 21. Re5 Qg6 22. Rde1 h5 23. h3 Rf8 24. Qf3 Rb5 25. Rxf5 Rxc5 26. c4 Qd6 27. Qxh5 a4 28. Rd1 g6 29. Qh6 Rd8 30. Rf4 axb3 31. axb3 Ra5 32. Rh4 Qf6 33. Qh7+ Kf8 34. Re1 Ra1 35. Qh6+ Kg8 36. Qh7+ Kf8 37. Qh6+ Kg8 38. Qh8+ Qxh8 39. Rxh8+ Kxh8 40. Rxa1 dxc4 41. bxc4 Rd4 42. Rc1 c5 43. Rc3 f5 44. g3 1/2-1/2

[Event "Oebro CXU Nytaar 2025"]
[Site "Copenhagen"]
[Date "2025.12.28"]
[Round "3.6"]
[White "Aabling Thomsen, Jakob"]
[Black "Molvig, Henrik"]
[Result "1-0"]
[WhiteElo "2340"]
[BlackElo "2117"]
[WhiteFideId "1407589"]
[BlackFideId "1402625"]
[EventDate "2025.12.27"]
[EventType "swiss"]
[EventRounds "7"]
[EventCountry "DEN"]
[SourceTitle "Live v. Obro Skakforening"]

1. e4 c5 2. d4 cxd4 3. Qxd4 Nc6 4. Qd3 Nf6 5. Nc3 a6 6. Nf3 d6 7. Be2 e6 8. Bf4 b5 9. O-O b4 10. Nb1 d5 11. e5 Ne4 12. Nfd2 Nc5 13. Qh3 g5 14. Bg3 Nd4 15. Bd1 h5 16. c3 Nc2 17. cxb4 Nxa1 18. bxc5 h4 19. Ba4+ Ke7 20. Qg4 Bh6 21. Bxh4 1-0

[Event "Oebro CXU Nytaar 2025"]
[Site "Copenhagen"]
[Date "2025.12.28"]
[Round "3.7"]
[White "Jarlskov, Daniel Tuk Hartso"]
[Black "Moe, Mogens"]
[Result "1/2-1/2"]
[WhiteElo "2202"]
[BlackElo "2097"]
[WhiteFideId "1463896"]
[BlackFideId "1400550"]
[EventDate "2025.12.27"]
[EventType "swiss"]
[EventRounds "7"]
[EventCountry "DEN"]
[SourceTitle "Live v. Obro Skakforening"]

1. d4 Nf6 2. c4 g6 3. h4 Bg7 4. Nc3 d5 5. h5 Nxh5 6. cxd5 e6 7. dxe6 Bxe6 8. Nf3 c5 9. Bg5 Qa5 10. dxc5 Nc6 11. Nd2 h6 12. Bh4 O-O 13. e3 f5 14. Be2 Nf6 15. Bc4 Bxc4 16. Nxc4 Qxc5 17. Bxf6 Rxf6 18. Qd5+ Qxd5 19. Nxd5 Rf7 20. O-O-O Rd8 21. Nf4 Rxd1+ 22. Rxd1 g5 23. Ne6 Re7 24. Nxg7 Kxg7 25. Rd5 Rc7 26. Kd2 Ne7 1/2-1/2

[Event "Oebro CXU Nytaar 2025"]
[Site "Copenhagen"]
[Date "2025.12.28"]
[Round "3.8"]
[White "Slavensky, Asbjorn Vesterkaer"]
[Black "Porte, Henrik"]
[Result "1-0"]
[WhiteElo "2118"]
[BlackElo "2122"]
[BlackFideId "1016326"]
[EventDate "2025.12.27"]
[EventType "swiss"]
[EventRounds "7"]
[EventCountry "DEN"]
[SourceTitle "Live v. Obro Skakforening"]

1. d4 d5 2. c4 e6 3. Nf3 c5 4. cxd5 exd5 5. Nc3 Nc6 6. dxc5 d4 7. Na4 Bxc5 8. Nxc5 Qa5+ 9. Bd2 Qxc5 10. b4 Nxb4 11. Rc1 Qd6 12. e3 dxe3 13. Bc3 exf2+ 14. Kxf2 Qb6+ 15. Bd4 Qh6 16. Bb5+ Nc6 17. Re1+ Ne7 18. Rxc6 bxc6 19. Rxe7+ Kxe7 20. Bc5+ Ke8 21. Qe1+ Qe6 22. Bxc6+ Bd7 23. Qxe6+ fxe6 24. Bxa8 a6 25. Be4 Bb5 26. Ne5 g6 27. Ke3 Rg8 28. Kf4 g5+ 29. Ke3 Rg7 30. Bd6 h5 31. Bg6+ Kd8 32. Bxh5 Rh7 33. Bg4 Bd7 34. h3 Bc8 35. Bf3 Bb7 36. a3 Bxf3 37. Nxf3 Kd7 38. Bb4 Rg7 39. Ke4 Kc7 40. Nd4 Kd7 41. Nb3 Kc6 42. Nd4+ Kd7 43. Ke5 Rg6 44. Nb3 Kc6 45. Nd4+ Kd7 46. Bd2 Rg8 47. Nb3 Rc8 48. Bb4 Rc2 49. g4 Rh2 50. Nc5+ Kc6 51. Nxa6 Rxh3 52. Kxe6 Rf3 53. Nc5 Kc7 54. Ne4 Kc6 55. Nxg5 Rg3 56. Nf7 Re3+ 57. Ne5+ Kc7 58. g5 Rg3 59. g6 Kd8 60. Kf7 1-0

[Event "Oebro CXU Nytaar 2025"]
[Site "Copenhagen"]
[Date "2025.12.28"]
[Round "3.9"]
[White "Thuesen, Mogens Henrik"]
[Black "Petersen, Lasse Emil"]
[Result "1/2-1/2"]
[WhiteElo "2113"]
[BlackElo "1904"]
[BlackFideId "1440659"]
[EventDate "2025.12.27"]
[EventType "swiss"]
[EventRounds "7"]
[EventCountry "DEN"]
[SourceTitle "Live v. Obro Skakforening"]

1. d4 d5 2. c4 c6 3. Nf3 g6 4. Nc3 Bg7 5. Bf4 Nf6 6. cxd5 Nxd5 7. Be5 O-O 8. Bxg7 Kxg7 9. h4 h5 10. Qd2 Qa5 11. e4 Nxc3 12. bxc3 Nd7 13. Bd3 e5 14. Rc1 exd4 15. cxd4 Qxd2+ 16. Kxd2 Nb6 17. Ne5 Be6 18. Bc4 Nxc4+ 19. Nxc4 Bxc4 20. Rxc4 Rfe8 21. f3 Rad8 22. Ke3 Re7 23. Rd1 1/2-1/2

[Event "Oebro CXU Nytaar 2025"]
[Site "Copenhagen"]
[Date "2025.12.28"]
[Round "3.10"]
[White "Hove, Svend Kjems"]
[Black "Ramsdal, Jens Albert"]
[Result "0-1"]
[WhiteElo "1837"]
[BlackElo "2317"]
[WhiteFideId "1408194"]
[BlackFideId "1429221"]
[EventDate "2025.12.27"]
[EventType "swiss"]
[EventRounds "7"]
[EventCountry "DEN"]
[SourceTitle "Live v. Obro Skakforening"]

1. a3 Nf6 2. b4 a5 3. b5 c6 4. a4 d5 5. f4 Bg4 6. h3 Bd7 7. e3 e5 8. g3 Ne4 9. Qf3 exf4 10. exf4 Bc5 11. Ne2 Bf2+ 12. Kd1 Bb6 13. Rh2 cxb5 14. axb5 Bxb5 15. Na3 Ba6 16. Rb1 Nc6 17. Bb2 O-O 18. d3 Bc5 19. Kc1 Nb4 20. Ra1 Nf6 21. Nd4 Re8 22. Re2 Rc8 23. Kd2 Qb6 24. Rxe8+ Rxe8 25. Nb3 Be3+ 26. Kd1 Nxd3 27. Bxd3 Bxd3 28. Bc3 Ne4 29. Bxa5 Qa6 30. Be1 d4 31. Nc1 Bc4 32. Qh5 g6 33. Qf3 Bd5 34. Qe2 Nc3+ 35. Bxc3 dxc3 36. Nd3 Qa4 37. Ne5 Qe4 38. Nb5 Rxe5 39. Nxc3 Qh1+ 40. Qe1 Bf3+ 41. Ne2 Rd5# 0-1

[Event "Oebro CXU Nytaar 2025"]
[Site "Copenhagen"]
[Date "2025.12.28"]
[Round "3.11"]
[White "Heimisson, Hilmir Freyr"]
[Black "Ahl, Eskil Rosenlund"]
[Result "1-0"]
[WhiteElo "2303"]
[BlackElo "1963"]
[WhiteFideId "2309998"]
[BlackFideId "1481789"]
[EventDate "2025.12.27"]
[EventType "swiss"]
[EventRounds "7"]
[EventCountry "DEN"]
[SourceTitle "Live v. Obro Skakforening"]

1. d4 d5 2. c4 dxc4 3. Nf3 Nf6 4. e3 e6 5. Bxc4 c5 6. O-O a6 7. Re1 b5 8. Bd3 Bb7 9. a4 Qb6 10. Nbd2 Nbd7 11. Qe2 c4 12. Bb1 Bb4 13. e4 h6 14. Rd1 O-O 15. Nf1 Rac8 16. e5 Nd5 17. Qc2 f5 18. exf6 N5xf6 19. Ng3 Rf7 20. axb5 axb5 21. Be3 Nf8 22. Ne5 Rfc7 23. d5 Qd6 24. Ng6 Nxd5 25. Nxf8 Kxf8 26. Qh7 Qe7 27. Bg6 Nf6 28. Qh8+ Ng8 29. Rd4 e5 30. Rg4 Bd5 31. Nf5 Qf6 32. Nxh6 gxh6 33. Bxh6+ Ke7 34. Bg5 Ke6 35. Bxf6 Nxf6 36. Ra6+ Bc6 37. Qh3 Nxg4 38. Qxg4+ Kd6 39. h4 Bc5 40. Be4 Bd4 41. Bxc6 Rxc6 42. Qxc8 Kd5 1-0

[Event "Oebro CXU Nytaar 2025"]
[Site "Copenhagen"]
[Date "2025.12.28"]
[Round "3.12"]
[White "Matthiesen, Martin"]
[Black "Kirkebaekke, Mark"]
[Result "1-0"]
[WhiteElo "2289"]
[BlackElo "1940"]
[WhiteFideId "1404067"]
[EventDate "2025.12.27"]
[EventType "swiss"]
[EventRounds "7"]
[EventCountry "DEN"]
[SourceTitle "Live v. Obro Skakforening"]

1. Nf3 c5 2. c4 Nf6 3. d4 cxd4 4. Nxd4 d6 5. Nc3 g6 6. e4 Bg7 7. Be2 a6 8. Be3 b6 9. f3 Bb7 10. Qd2 h6 11. O-O Nbd7 12. Rac1 Rc8 13. Rfd1 Ne5 14. b3 Kf8 15. f4 Nc6 16. e5 Ne8 17. Na4 dxe5 18. fxe5 Qc7 19. Nxc6 Bxc6 20. Nxb6 Rb8 21. Nd5 Qb7 22. Bc5 Rd8 23. Qb4 Bxd5 24. Qxb7 1-0

[Event "Oebro CXU Nytaar 2025"]
[Site "Copenhagen"]
[Date "2025.12.28"]
[Round "3.13"]
[White "Vehl, Tina"]
[Black "Fries Nielsen, Jens Ove"]
[Result "0-1"]
[WhiteElo "1873"]
[BlackElo "2273"]
[WhiteFideId "1418262"]
[EventDate "2025.12.27"]
[EventType "swiss"]
[EventRounds "7"]
[EventCountry "DEN"]
[SourceTitle "Live v. Obro Skakforening"]

1. e4 c5 2. Nc3 Nc6 3. Bb5 e5 4. Bxc6 dxc6 5. d3 Bd6 6. Be3 Nf6 7. Qd2 Ng4 8. Bg5 f6 9. Bh4 h5 10. f3 Nh6 11. Bf2 Be6 12. Nge2 Qc7 13. Na4 b6 14. c4 Be7 15. h4 f5 16. Ng3 O-O-O 17. Qc2 g6 18. O-O-O Nf7 19. Kb1 Rd7 20. Nc3 Kb7 21. Nge2 Ka8 22. g3 g5 23. exf5 Bxf5 24. Ne4 g4 25. f4 exf4 26. gxf4 Rhd8 27. N2c3 Qxf4 28. Bg3 Qh6 29. Rhf1 Qg6 30. Qf2 Be6 31. Qe2 Nh6 32. Kc2 Nf5 33. Qf2 Nd4+ 34. Kb1 Nf3 35. Kc2 Bf5 36. Rh1 Bf6 37. Nxf6 Qxf6 38. Ne4 Bxe4 39. dxe4 Rd2+ 40. Rxd2 Rxd2+ 41. Qxd2 Nxd2 42. Kxd2 Qxb2+ 43. Ke3 Qg2 0-1

[Event "Oebro CXU Nytaar 2025"]
[Site "Copenhagen"]
[Date "2025.12.28"]
[Round "3.14"]
[White "Veiergang, Oscar Jacob"]
[Black "Ramsdal, Mikkel"]
[Result "1-0"]
[WhiteElo "2208"]
[BlackElo "1935"]
[BlackFideId "1438484"]
[EventDate "2025.12.27"]
[EventType "swiss"]
[EventRounds "7"]
[EventCountry "DEN"]
[SourceTitle "Live v. Obro Skakforening"]

1. Nf3 c5 2. g3 Nf6 3. Bg2 Nc6 4. d4 cxd4 5. Nxd4 g6 6. O-O Bg7 7. c4 O-O 8. Nc3 Qc7 9. Bf4 e5 10. Ndb5 Qa5 11. Bd2 Qd8 12. Bg5 h6 13. Bxf6 Bxf6 14. e3 Bg7 15. Qd2 Qe7 16. Nd5 Qc5 17. b4 Qxc4 18. Nd6 Qg4 19. b5 Kh7 20. bxc6 dxc6 21. Nxc8 Raxc8 22. Nc3 Rcd8 23. Qe2 Qb4 24. Rfc1 f5 25. Rab1 Qe7 26. Qc4 e4 27. Ne2 Rd6 28. g4 b5 29. Qc2 Rfd8 30. Rd1 a6 31. gxf5 gxf5 32. Ng3 Qe5 33. Rxd6 Rxd6 34. Nxf5 Rg6 35. Ng3 1-0

[Event "Oebro CXU Nytaar 2025"]
[Site "Copenhagen"]
[Date "2025.12.28"]
[Round "3.15"]
[White "Olsen, Michael Richard W"]
[Black "Ravikumar, Hanesh"]
[Result "1-0"]
[WhiteElo "2115"]
[BlackElo "1907"]
[WhiteFideId "1440969"]
[BlackFideId "1481878"]
[EventDate "2025.12.27"]
[EventType "swiss"]
[EventRounds "7"]
[EventCountry "DEN"]
[SourceTitle "Live v. Obro Skakforening"]

1. e4 c6 2. d3 d5 3. Nd2 e5 4. Ngf3 Nd7 5. c3 Ngf6 6. Be2 Bd6 7. O-O a5 8. a4 O-O 9. Re1 Re8 10. Qc2 Nf8 11. Nf1 Ng6 12. Ng3 Bc7 13. h3 h6 14. Nh2 Bb6 15. Bf3 Nh4 16. Qe2 Ng6 17. Ng4 Nxg4 18. Bxg4 Qf6 19. Nh5 Qd6 20. Rf1 Nf4 21. Bxf4 exf4 22. Bxc8 Raxc8 23. Qg4 Qg6 24. exd5 Qxg4 25. hxg4 cxd5 26. Nxf4 d4 27. Nd5 Bc5 28. Rfe1 dxc3 29. bxc3 Red8 30. c4 Re8 31. Kf1 f6 32. Rxe8+ Rxe8 33. Rb1 b6 34. Rd1 Bd4 35. Nc7 Re7 36. Nb5 Bc5 37. Nc3 Bd4 38. Ne4 g6 39. Rb1 f5 40. gxf5 gxf5 41. Nd6 Bc3 42. Nxf5 Re6 43. Ne3 Kf7 44. Rb5 Bd2 45. Ke2 Bc3 46. Rd5 Bb4 47. d4 Rc6 48. Kd3 Rg6 49. Rd7+ Ke8 50. Rb7 Be1 51. f3 h5 52. Rh7 h4 53. Ng4 Bg3 54. Rh6 Rxh6 55. Nxh6 Kd7 56. Nf5 Be1 57. d5 Bf2 58. Ke2 Bc5 59. Nxh4 Ke7 60. Kd3 Kf6 61. Ke4 Ke7 62. Nf5+ Kd7 63. g4 Bf8 64. g5 Ke8 65. g6 Kd7 66. Ke5 1-0

[Event "Oebro CXU Nytaar 2025"]
[Site "Copenhagen"]
[Date "2025.12.28"]
[Round "3.16"]
[White "Paludan, Noah"]
[Black "Lilja, Richard"]
[Result "1-0"]
[WhiteElo "1999"]
[BlackElo "2104"]
[WhiteFideId "1474987"]
[BlackFideId "1403109"]
[EventDate "2025.12.27"]
[EventType "swiss"]
[EventRounds "7"]
[EventCountry "DEN"]
[SourceTitle "Live v. Obro Skakforening"]

1. e4 d6 2. d4 Nf6 3. Bd3 e5 4. Nf3 exd4 5. Nxd4 Be7 6. O-O O-O 7. h3 Nbd7 8. Nc3 Re8 9. Re1 a6 10. a4 b6 11. Nc6 1-0

[Event "Oebro CXU Nytaar 2025"]
[Site "Copenhagen"]
[Date "2025.12.28"]
[Round "3.17"]
[White "Saravana, Vedant Kumar"]
[Black "Skaerved, Mattias"]
[Result "1-0"]
[WhiteElo "2063"]
[BlackElo "1715"]
[WhiteFideId "45059730"]
[EventDate "2025.12.27"]
[EventType "swiss"]
[EventRounds "7"]
[EventCountry "DEN"]
[SourceTitle "Live v. Obro Skakforening"]

1. e4 c6 2. d4 d5 3. Nc3 dxe4 4. Nxe4 Nf6 5. Nxf6+ exf6 6. Be3 Bd6 7. Bd3 Be6 8. c4 Bb4+ 9. Kf1 Ba5 10. Ne2 Bg4 11. Qc2 g6 12. Nf4 Bc7 13. Re1 O-O 14. h3 Bc8 15. h4 Na6 16. a3 Bxf4 17. Bxf4 Qxd4 18. Be3 Qd6 19. c5 Qc7 20. Bh6 Rd8 21. Qc3 Qd7 22. Qxf6 Qxd3+ 23. Kg1 Qd4 24. Qxd4 1-0

[Event "Oebro CXU Nytaar 2025"]
[Site "Copenhagen"]
[Date "2025.12.28"]
[Round "3.18"]
[White "Peitersen, Andreas"]
[Black "Kamal, Yogasimman"]
[Result "1-0"]
[WhiteElo "2054"]
[BlackElo "1762"]
[WhiteFideId "1479814"]
[BlackFideId "1477196"]
[EventDate "2025.12.27"]
[EventType "swiss"]
[EventRounds "7"]
[EventCountry "DEN"]
[SourceTitle "Live v. Obro Skakforening"]

1. d4 d5 2. Nf3 Nf6 3. c4 e6 4. Bg5 Be7 5. Nc3 c6 6. e3 Nbd7 7. Rc1 h6 8. Bh4 dxc4 9. Bxc4 b5 10. Bd3 Bb7 11. O-O O-O 12. h3 a6 13. a4 b4 14. Nb1 Rc8 15. Nbd2 c5 16. Qe2 a5 17. Ba6 Bxa6 18. Qxa6 Ra8 19. Qb5 Rb8 20. Qe2 Nb6 21. b3 Nfd7 22. Bg3 Rc8 23. Rfd1 Nd5 24. Nb1 Qb6 25. e4 N5f6 26. Nbd2 cxd4 27. Nc4 Qa6 28. Nxd4 Nc5 29. Nd6 Bxd6 30. Qxa6 Nxa6 31. Bxd6 Rfd8 32. e5 Ne4 33. Nb5 Nxd6 34. Nxd6 Rc5 35. f4 Rd7 36. Nc4 Rcd5 37. Nd6 Rxd1+ 38. Rxd1 Nc5 39. Rb1 Nb7 40. Nc4 Rd3 41. Kf2 Kf8 42. Ke2 Rd5 43. Rd1 Rxd1 44. Kxd1 Ke7 45. Kd2 Kd7 46. Ke3 g6 47. Kd4 Kc6 48. g4 Kd7 49. Nd2 Kc6 50. Ne4 Kb6 51. Nd6 Nd8 52. Nc4+ Ka6 53. Kc5 g5 54. fxg5 hxg5 55. Nd6 Ka7 56. Ne4 1-0

[Event "Oebro CXU Nytaar 2025"]
[Site "Copenhagen"]
[Date "2025.12.28"]
[Round "3.19"]
[White "Hirshals, Valdemar"]
[Black "Alzaga, Luis"]
[Result "1/2-1/2"]
[WhiteElo "1800"]
[BlackElo "1996"]
[BlackFideId "1481606"]
[EventDate "2025.12.27"]
[EventType "swiss"]
[EventRounds "7"]
[EventCountry "DEN"]
[SourceTitle "Live v. Obro Skakforening"]

1. e4 e6 2. d4 d5 3. e5 c5 4. f4 cxd4 5. Nf3 Bb4+ 6. Bd2 Bc5 7. b4 Bb6 8. a4 a6 9. Na3 Bd7 10. a5 Ba7 11. b5 axb5 12. Nxb5 Bxb5 13. Bxb5+ Nd7 14. Bb4 Ne7 15. Nxd4 O-O 16. O-O Nf5 17. c3 Ne3 18. Qd3 Nxf1 19. Bxf8 Nxf8 20. Kxf1 Bc5 21. Nb3 Be7 22. c4 dxc4 23. Qxd8 Rxd8 24. Bxc4 Ra8 25. Ke2 Nd7 26. Bd3 Nc5 27. Nxc5 Bxc5 28. Be4 Bb4 1/2-1/2

[Event "Oebro CXU Nytaar 2025"]
[Site "Copenhagen"]
[Date "2025.12.28"]
[Round "3.20"]
[White "Nielsen, Pia"]
[Black "Andersen, Claus Nis"]
[Result "1/2-1/2"]
[WhiteElo "1541"]
[BlackElo "1825"]
[WhiteFideId "1409700"]
[BlackFideId "1415735"]
[EventDate "2025.12.27"]
[EventType "swiss"]
[EventRounds "7"]
[EventCountry "DEN"]
[SourceTitle "Live v. Obro Skakforening"]

1. c3 Nf6 2. d4 d5 3. Nf3 e6 4. Bg5 Be7 5. Nbd2 Nbd7 6. Qc2 c5 7. e3 h6 8. Bh4 O-O 9. h3 b6 10. Bd3 c4 11. Be2 b5 12. O-O Bb7 13. Ne1 b4 14. f4 bxc3 15. bxc3 Qc7 16. Nef3 Rfe8 17. Ne5 Nxe5 18. fxe5 Ne4 19. Bxe7 Rxe7 20. Nxe4 dxe4 21. Qa4 Bd5 1/2-1/2

[Event "Oebro CXU Nytaar 2025"]
[Site "Copenhagen"]
[Date "2025.12.28"]
[Round "4.1"]
[White "Kistrup, Nicolai"]
[Black "Nielsen, Viktor Haarmark"]
[Result "0-1"]
[WhiteElo "2365"]
[BlackElo "2368"]
[WhiteFideId "1444816"]
[BlackFideId "1444492"]
[EventDate "2025.12.27"]
[EventType "swiss"]
[EventRounds "7"]
[EventCountry "DEN"]
[SourceTitle "Live v. Obro Skakforening"]

1. e4 e5 2. Nf3 Nc6 3. Bc4 Nf6 4. Ng5 d5 5. exd5 Na5 6. Bb5+ c6 7. dxc6 bxc6 8. Bd3 Nd5 9. Nf3 Bd6 10. Nc3 O-O 11. Be2 f5 12. d3 Qc7 13. Bd2 Rb8 14. Rb1 Nf6 15. O-O c5 16. h3 Nc6 17. Re1 Nd4 18. Bf1 Bd7 19. Be3 Bc6 20. Nd2 Qf7 21. Nc4 Bc7 22. Kh1 Qg6 23. Ne2 f4 24. Bxd4 f3 25. Ng3 exd4 26. Ne5 Bxe5 27. Rxe5 Nd7 28. Qe1 Nxe5 29. Qxe5 Qf6 30. Qxf6 Rxf6 31. Nh5 fxg2+ 32. Bxg2 Bxg2+ 33. Kxg2 Ra6 34. Re1 Rxb2 0-1

[Event "Oebro CXU Nytaar 2025"]
[Site "Copenhagen"]
[Date "2025.12.28"]
[Round "4.2"]
[White "Skovgaard, Andreas"]
[Black "Aabling Thomsen, Jakob"]
[Result "0-1"]
[WhiteElo "2098"]
[BlackElo "2340"]
[WhiteFideId "1450760"]
[BlackFideId "1407589"]
[EventDate "2025.12.27"]
[EventType "swiss"]
[EventRounds "7"]
[EventCountry "DEN"]
[SourceTitle "Live v. Obro Skakforening"]

1. d4 g6 2. g3 Bg7 3. Bg2 d6 4. Nf3 Nd7 5. O-O e5 6. Nc3 Ngf6 7. e4 O-O 8. h3 Re8 9. d5 b5 10. Nxb5 Nxe4 11. Be3 Ba6 12. Nxa7 Qb8 13. Nc6 Qxb2 14. Re1 Nc3 15. Qd2 Nf6 16. Bg5 Bc4 17. Bxf6 Bxf6 18. Nh2 e4 19. Ng4 Bg7 20. Qg5 Kf8 21. Ne3 Bxa2 22. Kh2 Qb5 23. h4 h6 24. Qg4 Nxd5 25. Nxd5 Bxd5 26. Rxa8 Rxa8 27. c4 Qxc4 28. Bxe4 Bxc6 29. Qf3 Bxe4 30. Rxe4 Qa2 31. h5 g5 32. Re2 Qa6 33. Re6 Re8 34. Rxe8+ Kxe8 35. Qf5 Qa8 36. g4 Kf8 37. Qd7 Be5+ 38. Kg1 Qf3 0-1

[Event "Oebro CXU Nytaar 2025"]
[Site "Copenhagen"]
[Date "2025.12.28"]
[Round "4.3"]
[White "Nilssen, Ellen Fredericia"]
[Black "Hansen, Soren Bech"]
[Result "1/2-1/2"]
[WhiteElo "2142"]
[BlackElo "2243"]
[WhiteFideId "1441230"]
[BlackFideId "1400681"]
[EventDate "2025.12.27"]
[EventType "swiss"]
[EventRounds "7"]
[EventCountry "DEN"]
[SourceTitle "Live v. Obro Skakforening"]

1. d4 d5 2. c4 e6 3. Nc3 a6 4. cxd5 exd5 5. Nf3 c6 6. Bg5 Be7 7. Bxe7 Qxe7 8. e3 Nf6 9. Qc2 O-O 10. Bd3 Re8 11. Ne5 Nbd7 12. Nxd7 Bxd7 1/2-1/2

[Event "Oebro CXU Nytaar 2025"]
[Site "Copenhagen"]
[Date "2025.12.28"]
[Round "4.4"]
[White "Falkesgaard, Jeppe Hald"]
[Black "Slavensky, Asbjorn Vesterkaer"]
[Result "1-0"]
[WhiteElo "2240"]
[BlackElo "2118"]
[WhiteFideId "1464981"]
[EventDate "2025.12.27"]
[EventType "swiss"]
[EventRounds "7"]
[EventCountry "DEN"]
[SourceTitle "Live v. Obro Skakforening"]

1. d4 d5 2. c4 c6 3. Nc3 Nf6 4. Nf3 e6 5. e3 Nbd7 6. Qc2 Be7 7. b3 O-O 8. Bd3 Re8 9. O-O Qc7 10. e4 dxe4 11. Nxe4 Nxe4 12. Bxe4 Nf6 13. Bd3 h6 14. Bb2 b6 15. c5 Nd5 16. Ne5 bxc5 17. dxc5 Bf6 18. Rfe1 a5 19. a3 Ba6 20. Nc4 Bxb2 21. Qxb2 Qe7 22. Qd4 Bxc4 23. Qxc4 Qf6 24. Qe4 Red8 25. Qh7+ Kf8 26. Bc4 Nf4 27. Qe4 Rd2 28. Qf3 Rad8 29. Bf1 Rc2 30. Rad1 Rdd2 31. Rxd2 Rxd2 32. Qe3 Rd5 33. b4 axb4 34. axb4 Rg5 35. b5 Nd5 36. Qa3 g6 37. b6 Nf4 38. b7 Qd8 39. h4 Rg4 40. Qa8 1-0

[Event "Oebro CXU Nytaar 2025"]
[Site "Copenhagen"]
[Date "2025.12.28"]
[Round "4.5"]
[White "Gregor, Bjarke"]
[Black "Jalving, August"]
[Result "1/2-1/2"]
[WhiteElo "2056"]
[BlackElo "2231"]
[WhiteFideId "1423401"]
[BlackFideId "1471759"]
[EventDate "2025.12.27"]
[EventType "swiss"]
[EventRounds "7"]
[EventCountry "DEN"]
[SourceTitle "Live v. Obro Skakforening"]

1. e4 c5 2. Nc3 Nc6 3. Nge2 e6 4. d4 cxd4 5. Nxd4 a6 6. Be3 Nf6 7. Qf3 Bb4 8. O-O-O Bxc3 9. bxc3 Qa5 10. Nb3 Qxc3 11. Bd3 d5 12. exd5 Nxd5 13. Bc5 Qf6 14. Be4 Qxf3 15. Bxf3 Nde7 16. Rd2 e5 17. Rhd1 f6 18. Na5 Kf7 19. Nc4 Be6 20. Nd6+ Kg6 21. g4 h5 22. gxh5+ Kh7 1/2-1/2

[Event "Oebro CXU Nytaar 2025"]
[Site "Copenhagen"]
[Date "2025.12.28"]
[Round "4.6"]
[White "Hector, Jonny"]
[Black "Olsen, Michael Richard W"]
[Result "1-0"]
[WhiteElo "2418"]
[BlackElo "2115"]
[WhiteFideId "1700090"]
[BlackFideId "1440969"]
[EventDate "2025.12.27"]
[EventType "swiss"]
[EventRounds "7"]
[EventCountry "DEN"]
[SourceTitle "Live v. Obro Skakforening"]

1. e4 e6 2. d4 d5 3. Nc3 dxe4 4. Nxe4 Nd7 5. Nf3 Ngf6 6. Bg5 Be7 7. Nxf6+ Nxf6 8. Bc4 Nd5 9. h4 f6 10. Bd2 a6 11. Qe2 O-O 12. O-O-O b5 13. Bd3 c5 14. dxc5 f5 15. Nd4 Nf4 16. Bxf4 Qxd4 17. Be3 Qa4 18. Kb1 e5 19. c3 Be6 20. b3 Qa3 21. f3 Bf6 22. Qc2 f4 23. Bf2 a5 24. Bxh7+ Kh8 25. Be4 Rad8 26. Qb2 Qxb2+ 27. Kxb2 b4 28. cxb4 axb4 29. Rd6 Bg8 30. Rhd1 Rc8 31. Rb6 Rfd8 32. Rxd8 Rxd8 33. Kc2 1-0